000 00708nam a2200217 a 4500
005 20240924070819.0
008 021010s2001 es r 000 0 spa d
020 _a8449310296
035 _aUPN01000120076
049 _aCG
050 4 _aBF431
_bG3.48
100 1 _aGardner, Howard,
_d1943-
_930379
245 1 3 _aLa inteligencia reformulada :
_blas inteligencias múltiples en el siglo XXI /
_cHoward Gardner ; tr. Genis Sánchez Barberán.
260 _aBarcelona, Esp. :
_bPaidós,
_cc2001.
300 _a270 p.
440 0 _aPaidós transiciones ;
_v29
534 _pTraducción de:
_tIntelligence reframed
650 4 _aInteligencia
_9939
650 4 _aTeoría del conocimiento
_91707
905 _aLibro
999 _c92423
_d92423